CONSUMER BEHAVIOUR (Record no. 23021)

MARC details
000 -LEADER
fixed length control field 00285nam a22001337a 4500
003 - CONTROL NUMBER IDENTIFIER
control field SGT
020 ## - INTERNATIONAL STANDARD BOOK NUMBER
International Standard Book Number 978-81-203-3963-7
082 ## - DEWEY DECIMAL CLASSIFICATION NUMBER
Classification number 658.83
Item number MAJ
100 ## - MAIN ENTRY--PERSONAL NAME
Personal name MAJUMDAR, RAMANUJ
245 ## - TITLE STATEMENT
Title CONSUMER BEHAVIOUR
260 ## - PUBLICATION, DISTRIBUTION, ETC. (IMPRINT)
Place of publication, distribution, etc INDIA
Name of publisher, distributor, etc PHI
Year of Publication 2022
300 ## - PAGE DESCRIPTION
No. of Pages 350
942 ## - ADDED ENTRY ELEMENTS (KOHA)
Source of classification or shelving scheme Dewey Decimal Classification
Koha item type Books
942 ## - ADDED ENTRY ELEMENTS (KOHA)
-- 3
Holdings
Withdrawn status Lost status Source of classification or shelving scheme Damaged status Not for loan Home library Current library Shelving location Date acquired Vendor Name Cost, normal purchase price SGTU Bill Number Total Checkouts Full call number Accession No. (Barcode) Date last seen Date last borrowed Bill Date Koha item type
    Dewey Decimal Classification     SGT Science & Social Sciences Library SGT Science & Social Sciences Library Text Book 18/07/2022 ABC 1250.00 SGTU 14696 1 658.83 MAJ FF742 27/08/2024 14/08/2024   Books
    Dewey Decimal Classification     SGT Science & Social Sciences Library SGT Science & Social Sciences Library Text Book 18/07/2022 ABC 1250.00 SGTU 14696 2 658.83 MAJ FF743 04/11/2024 29/10/2024   Books